000 00485nmm a2200169Ia 4500
008 251105s9999||||xx |||||||||||||||||und||
020 _a8495839784
041 _aspa
100 _aGarcía Serrano, Yolanda
245 0 _aMujer casada busca gente que la lleve al cine
264 _a[Madrid, España] :
_bOcho y Medio,
_c2004
300 _a312 páginas
490 _aFahrenheit 451
650 _aFilm studies
856 _uhttps://public.digitaliapublishing.com/a/382
942 _cCF
999 _c73993
_d73993